00660nam a2200205 a 450000100060000000300090000600800410001501500210005602000180007704000280009504100120012310000240013524500640015924600990022325000120032226000400033430000300037465000260040470000240043025202CO-ViMGA141112s2004 ck r 000 u spa d ack - 2013 - xxxx a9789583040894 aCO-ViMGAbspacCO-ViMGA aspa ita1 aBarrilá, Domenico10aEste soy yo. 4 / cDomenico Barrilláa, Emanuela Bussolati aSubtítulo de la cubierta : el valor de conocerme, quererme y defenderme de los antipáticos a1a. ed. aBogotá : bPanAméricana, c2013 a31 p. : il. col. ; 24 cm.14aAutoestima en niños1 aBussolati, Emanuela